| 000 | 00502nam a2200193 a 4500 | ||
|---|---|---|---|
| 005 | 20210219152935.0 | ||
| 008 | 991125n 000 0 u | ||
| 035 | _aUPN01000067878 | ||
| 222 | _aCOMUNICACION EDUCATIVA SEP | ||
| 245 | _aColección literaria en el 50 aniversario del FCE | ||
| 300 | _a3 | ||
| 362 | _a1983 Año 1, no. 7, nov. | ||
| 653 | 0 | _aBIBLIOTECA PUBLICA | |
| 653 | 0 | _aFCE | |
| 653 | 0 | _aINDUSTRIA EDITORIAL | |
| 653 | 0 | _aMEXICO | |
| 904 |
_aAC _b005689 |
||
| 905 | _aArticulo | ||
| 999 |
_c64237 _d64237 |
||